[Event "CZE-ch Open 2018"]
[Site "Ostrava"]
[Date "2018.04.29"]
[Round "2"]
[White "Malik, Jan"]
[Black "Stocek, Jiri"]
[Result "1-0"]
[WhiteElo "2284"]
[BlackElo "2568"]
[Annotator "TA"]
[PlyCount "63"]
[EventDate "2018.??.??"]
[EventCountry "CZE"]
[SourceTitle "playchess.com"]
[Source "ChessBase"]
[SourceQuality "1"]

{[%evp 23,63,13,20,0,0,0,0,7,25,0,39,45,75,105,105,113,90,81,105,102,88,85,111,66,75,53,57,38,35,37,35,37,104,81,90,92,243,240,477,466,29996,494]} 1. e4 c5 2. Nf3 e6 3. d4 cxd4 4. Nxd4 a6 5. Bd3 Bc5 6. Nb3 Be7 7. Nc3 d6 8. O-O Nf6 9. f4 Nc6 {[%cal Bb8c6,Bc6b4,Bb4d3][%mdl 32] B42: Sicilian: Kan Variation: 5 Bd3} (9... Nbd7 10. Qe2 Qc7 11. Bd2 b5 12. a4 b4 13. Nd1 a5 14. Kh1 d5 15. exd5 Nxd5 16. f5 e5 17. c4 N5f6 18. Nf2 O-O 19. Ne4 {0-1 (64) Movsesian,S (2672)-Svidler,P (2753) Dubai 2014}) 10. Qf3 O-O 11. Bd2 Qc7 12. Rae1 Nb4 {LiveBook: 4 Games} 13. e5 Nxd3 14. cxd3 Nd7 $146 ({Predecessor:} 14... dxe5 15. fxe5 Nd5 16. Qg3 Kh8 17. Nxd5 exd5 18. Rc1 {½-½ (41) Tirard,H (2447)-Doncea,V (2465) Guingamp 2010}) 15. Qg3 Qd8 16. Re2 dxe5 17. fxe5 {Hoping for Bh6.} f5 18. Bh6 {[%csl Gh6][%cal Rg3g7]} Rf7 {[#] Threatens to win with ...Bh4.} 19. Rxf5 $3 {[%mdl 512]} exf5 20. e6 $1 {[%csl LRd7,LRf7]} Bf8 21. exf7+ Kxf7 22. Bg5 Qb6+ 23. Kh1 Qg6 24. Nd5 $40 {[%cal Bc3d5,Bd5c7,Bc7b5][%mdl 160] Black must now prevent Qe3. White mounts an attack.} Qd6 $1 {[%cal Rd6d5]} 25. Nc7 Qxg3 26. hxg3 Rb8 27. Bf4 b6 ({Better is} 27... g5 $14 28. Bxg5 Nf6) 28. Nd4 {And now Nc6 would win.} Bb7 29. Nxf5 Nf6 $2 {[#]} (29... g5 $16 {was called for.} 30. Bd6 Rc8) 30. Nb5 $1 $18 {[%mdl 512]} Ra8 $2 (30... Bc8) (30... axb5 31. Bxb8) 31. Nbd6+ Kg6 (31... Kg8 $18 32. Nxb7 Nd5) 32. Nh4+ {Precision: White = 80%, Black = 36%.} 1-0

[Event "CZE-ch Open 2018"]
[Site "Ostrava"]
[Date "2018.04.29"]
[Round "2"]
[White "Freisler, Pavel"]
[Black "Jelinek, Michal"]
[Result "1-0"]
[WhiteElo "2266"]
[BlackElo "2134"]
[Annotator "ChessBase"]
[PlyCount "80"]
[EventDate "2018.??.??"]
[EventCountry "CZE"]
[SourceTitle "playchess.com"]
[Source "ChessBase"]
[SourceQuality "1"]
[TimeControl "40/5400+30:900+30"]

1. Nf3 {[%emt 0:00:00]} d5 {[%emt 0:03:20]} 2. b3 {[%emt 0:05:32]} Nf6 {[%emt 0:02:07]} 3. Bb2 {[%emt 0:00:04]} c5 {[%emt 0:01:01]} 4. e3 {[%emt 0:01:10]} Nc6 {[%emt 0:01:00]} 5. Bb5 {[%emt 0:00:53]} Bg4 {[%emt 0:06:49]} 6. h3 {[%emt 0:00:27]} Bh5 {[%emt 0:01:50]} 7. g4 {[%emt 0:02:07]} Bg6 {[%emt 0:00:05]} 8. Ne5 {[%emt 0:00:05]} Rc8 {[%emt 0:02:28]} 9. h4 {[%emt 0:16:58]} d4 {[%emt 0:03:10]} 10. Bxc6+ {[%emt 0:11:25]} bxc6 {[%emt 0:00:10]} 11. Nxg6 {[%emt 0:02:09]} hxg6 {[%emt 0:01:13]} 12. d3 {[%emt 0:06:18]} e6 {[%emt 0:22:48]} 13. Nd2 {[%emt 0:08:44]} dxe3 {[%emt 0:12:45]} 14. fxe3 {[%emt 0:00:13]} Nd5 {[%emt 0:00:23]} 15. Qf3 {[%emt 0:00:50]} Rxh4 {[%emt 0:01:14]} 16. O-O-O {[%emt 0:00:04]} g5 {[%emt 0:04:52]} 17. e4 {[%emt 0:13:43]} Nf6 {[%emt 0:04:18]} 18. Rxh4 {[%emt 0:05:27]} gxh4 {[%emt 0:00:04]} 19. Rf1 {[%emt 0:01:55]} Rc7 {[%emt 0:04:25]} 20. Nc4 {[%emt 0:02:56]} Nh7 {[%emt 0:02:15]} 21. Kb1 {[%emt 0:03:15]} f6 {[%emt 0:05:44]} 22. e5 {[%emt 0:02:02]} Qd5 {[%emt 0:00:52]} 23. Qf2 {[%emt 0:00:41]} h3 {[%emt 0:02:19]} 24. Qh4 {[%emt 0:01:27]} Qg2 {[%emt 0:08:07]} 25. Ne3 {[%emt 0:00:27]} Qe2 {[%emt 0:00:07]} 26. Qxh7 {[%emt 0:00:30]} Qxe3 {[%emt 0:01:15]} 27. exf6 {[%emt 0:01:29]} Rf7 {[%emt 0:00:57]} 28. Qh5 {[%emt 0:03:10]} Qe2 {[%emt 0:05:26]} 29. Rh1 {[%emt 0:01:56]} gxf6 {[%emt 0:01:56]} 30. Qxh3 {[%emt 0:02:32]} Bd6 {[%emt 0:00:56]} 31. Bc3 {[%emt 0:03:47]} Be5 {[%emt 0:00:40]} 32. Qh8+ {[%emt 0:01:34]} Rf8 {[%emt 0:01:05]} 33. Qh5+ {[%emt 0:00:08]} Rf7 {[%emt 0:00:25]} 34. Bxe5 {[%emt 0:00:43]} fxe5 {[%emt 0:00:29]} 35. Qh8+ {[%emt 0:00:46]} Rf8 {[%emt 0:00:06]} 36. Qg7 {[%emt 0:00:43]} Qf3 {[%emt 0:01:17]} 37. Rh7 {[%emt 0:00:35]} Rf7 {[%emt 0:00:31]} 38. Qg8+ {[%emt 0:01:07]} Ke7 {[%emt 0:00:04]} 39. Rh8 {[%emt 0:00:30]} Kd6 {[%emt 0:00:55]} 40. Qb8+ {[%emt 0:00:27]} Kd5 1-0

[Event "CZE-ch Open 2018"]
[Site "Ostrava"]
[Date "2018.04.29"]
[Round "2"]
[White "Miesbauer, Jan"]
[Black "Kolar, Stanislav"]
[Result "1-0"]
[WhiteElo "2261"]
[BlackElo "2091"]
[Annotator "ChessBase"]
[PlyCount "81"]
[EventDate "2018.??.??"]
[EventCountry "CZE"]
[SourceTitle "playchess.com"]
[Source "ChessBase"]
[SourceQuality "1"]
[TimeControl "40/5400+30:900+30"]

1. d4 {[%emt 0:00:00]} Nf6 {[%emt 0:00:09]} 2. c4 {[%emt 0:00:00]} e6 {[%emt 0:00:03]} 3. g3 {[%emt 0:00:00]} Bb4+ {[%emt 0:01:26]} 4. Bd2 {[%emt 0:00:10]} Bxd2+ {[%emt 0:00:40]} 5. Qxd2 {[%emt 0:00:49]} O-O {[%emt 0:00:53]} 6. Bg2 {[%emt 0:00:36]} d5 {[%emt 0:00:22]} 7. Nf3 {[%emt 0:01:02]} Ne4 {[%emt 0:02:09]} 8. Qc2 {[%emt 0:00:10]} Nc6 {[%emt 0:00:17]} 9. O-O {[%emt 0:02:11]} f5 {[%emt 0:01:18]} 10. e3 {[%emt 0:01:08]} Bd7 {[%emt 0:01:46]} 11. Nc3 {[%emt 0:01:05]} Nxc3 {[%emt 0:02:48]} 12. Qxc3 {[%emt 0:01:00]} a5 {[%emt 0:01:43]} 13. cxd5 {[%emt 0:03:34]} exd5 {[%emt 0:00:08]} 14. Qb3 {[%emt 0:04:18]} Be8 {[%emt 0:02:39]} 15. Ne5 {[%emt 0:02:43]} Nxe5 {[%emt 0:00:52]} 16. dxe5 {[%emt 0:00:06]} c6 {[%emt 0:00:39]} 17. Qxb7 {[%emt 0:01:55]} Rb8 {[%emt 0:01:29]} 18. Qa7 {[%emt 0:03:36]} Rxb2 {[%emt 0:00:59]} 19. Rfb1 {[%emt 0:00:32]} Rf7 {[%emt 0:03:24]} 20. Qxf7+ {[%emt 0:02:26]} Kxf7 {[%emt 0:01:00]} 21. Rxb2 {[%emt 0:00:06]} g5 {[%emt 0:02:41]} 22. Rab1 {[%emt 0:02:55]} Bd7 {[%emt 0:01:44]} 23. Rb8 {[%emt 0:02:24]} Qe7 {[%emt 0:00:19]} 24. R1b7 {[%emt 0:00:48]} Ke6 {[%emt 0:03:06]} 25. Ra8 {[%emt 0:01:45]} Qc5 {[%emt 0:04:03]} 26. Rd8 {[%emt 0:01:11]} Qc1+ {[%emt 0:06:58]} 27. Bf1 {[%emt 0:00:16]} f4 {[%emt 0:00:20]} 28. exf4 {[%emt 0:00:58]} gxf4 {[%emt 0:00:48]} 29. Rbxd7 {[%emt 0:01:14]} Kxe5 {[%emt 0:01:54]} 30. Rxh7 {[%emt 0:01:36]} fxg3 {[%emt 0:01:11]} 31. hxg3 {[%emt 0:00:07]} a4 {[%emt 0:02:11]} 32. Rh4 {[%emt 0:01:55]} a3 {[%emt 0:00:34]} 33. Ra8 {[%emt 0:00:16]} Qb2 {[%emt 0:01:49]} 34. Rha4 {[%emt 0:00:08]} Qxa2 {[%emt 0:00:21]} 35. Rxa3 {[%emt 0:00:05]} Qb1 {[%emt 0:01:09]} 36. Re3+ {[%emt 0:01:39]} Kd4 {[%emt 0:01:21]} 37. g4 {[%emt 0:00:34]} Qc1 {[%emt 0:04:57]} 38. g5 {[%emt 0:00:56]} Qb1 {[%emt 0:00:22]} 39. Rg3 {[%emt 0:00:31]} Qb7 {[%emt 0:01:26]} 40. Ra4+ {[%emt 0:00:24]} Ke5 {[%emt 0:15:38]} 41. g6 {[%emt 0:15:21]} 1-0

[Event "CZE-ch Open 2018"]
[Site "Ostrava"]
[Date "2018.04.29"]
[Round "2"]
[White "Jedlicka, Ales"]
[Black "Havelka, Ondrej"]
[Result "0-1"]
[WhiteElo "2238"]
[BlackElo "2041"]
[Annotator "ChessBase"]
[PlyCount "58"]
[EventDate "2018.??.??"]
[EventCountry "CZE"]
[SourceTitle "playchess.com"]
[Source "ChessBase"]
[SourceQuality "1"]
[TimeControl "40/5400+30:900+30"]

1. d4 {[%emt 0:04:33]} d5 {[%emt 0:01:26]} 2. c4 {[%emt 0:00:10]} e6 {[%emt 0:00:06]} 3. Nf3 {[%emt 0:00:10]} Nf6 {[%emt 0:00:06]} 4. g3 {[%emt 0:00:16]} Be7 {[%emt 0:00:04]} 5. Bg2 {[%emt 0:00:14]} O-O {[%emt 0:00:05]} 6. O-O {[%emt 0:00:13]} c6 {[%emt 0:00:04]} 7. Qc2 {[%emt 0:00:21]} b6 {[%emt 0:00:06]} 8. Nbd2 {[%emt 0:00:25]} Bb7 {[%emt 0:00:04]} 9. e4 {[%emt 0:00:24]} Na6 {[%emt 0:00:07]} 10. e5 {[%emt 0:01:13]} Nd7 {[%emt 0:00:05]} 11. Re1 {[%emt 0:01:59]} c5 {[%emt 0:01:03]} 12. cxd5 {[%emt 0:01:17]} Bxd5 {[%emt 0:00:37]} 13. Ne4 {[%emt 0:03:48]} cxd4 {[%emt 0:08:26]} 14. Neg5 {[%emt 0:01:12]} g6 {[%emt 0:03:24]} 15. Nxd4 {[%emt 0:11:42]} Rc8 {[%emt 0:27:39]} 16. Qe2 {[%emt 0:02:07]} Bc4 {[%emt 0:25:01]} 17. Qg4 {[%emt 0:02:59]} h5 {[%emt 0:02:26]} 18. Qf4 {[%emt 0:14:25]} Nb4 {[%emt 0:05:42]} 19. Ngf3 {[%emt 0:15:27]} Nd3 {[%emt 0:03:30]} 20. Qh6 {[%emt 0:00:19]} N7xe5 {[%emt 0:01:46]} 21. Nxe5 {[%emt 0:24:29]} Nxe5 {[%emt 0:03:21]} 22. Rd1 {[%emt 0:05:53]} Be2 {[%emt 0:05:43]} 23. Rd2 {[%emt 0:01:01]} Bg5 {[%emt 0:01:13]} 24. Nxe6 {[%emt 0:01:31]} Bxh6 {[%emt 0:03:00]} 25. Rxd8 {[%emt 0:00:12]} Rfxd8 {[%emt 0:01:06]} 26. Nxd8 {[%emt 0:00:23]} Bxc1 {[%emt 0:01:05]} 27. Nc6 {[%emt 0:01:15]} Bxb2 {[%emt 0:02:01]} 28. Ne7+ {[%emt 0:04:16]} Kf8 {[%emt 0:00:04]} 29. Re1 {[%emt 0:00:12]} Rc1 {[%emt 0:00:05]} 0-1

[Event "CZE-ch Open 2018"]
[Site "Ostrava"]
[Date "2018.04.29"]
[Round "2"]
[White "Belunek, Vladimir"]
[Black "Konopka, Michal"]
[Result "1/2-1/2"]
[WhiteElo "2216"]
[BlackElo "2373"]
[Annotator "ChessBase"]
[PlyCount "154"]
[EventDate "2018.??.??"]
[EventCountry "CZE"]
[SourceTitle "playchess.com"]
[Source "ChessBase"]
[SourceQuality "1"]
[TimeControl "40/5400+30:900+30"]

1. d4 {[%emt 0:00:00]} Nf6 {[%emt 0:02:18]} 2. c4 {[%emt 0:01:02]} g6 {[%emt 0:00:13]} 3. Nc3 {[%emt 0:00:12]} d5 {[%emt 0:00:08]} 4. Bf4 {[%emt 0:00:17]} Bg7 {[%emt 0:00:37]} 5. e3 {[%emt 0:00:22]} c5 {[%emt 0:05:07]} 6. dxc5 {[%emt 0:00:45]} Qa5 {[%emt 0:10:32]} 7. Rc1 {[%emt 0:01:03]} dxc4 {[%emt 0:02:02]} 8. Bxc4 {[%emt 0:00:53]} O-O {[%emt 0:06:47]} 9. Nf3 {[%emt 0:00:51]} Nc6 {[%emt 0:03:07]} 10. O-O {[%emt 0:00:59]} Qxc5 {[%emt 0:00:45]} 11. Nb5 {[%emt 0:19:24]} Qh5 {[%emt 0:09:44]} 12. h3 {[%emt 0:14:34]} Be6 {[%emt 0:26:26]} 13. Be2 {[%emt 0:18:13]} Qd5 {[%emt 0:10:43]} 14. Nc7 {[%emt 0:02:00]} Qxa2 {[%emt 0:00:33]} 15. Nxa8 {[%emt 0:00:30]} Rxa8 {[%emt 0:00:06]} 16. Bb5 {[%emt 0:06:59]} Qxb2 {[%emt 0:02:37]} 17. Bxc6 {[%emt 0:04:10]} bxc6 {[%emt 0:00:06]} 18. Rxc6 {[%emt 0:00:32]} Nd5 {[%emt 0:05:16]} 19. Qc1 {[%emt 0:05:16]} Nxf4 {[%emt 0:00:40]} 20. exf4 {[%emt 0:00:20]} Qxc1 {[%emt 0:09:02]} 21. Rfxc1 {[%emt 0:00:31]} Bh6 {[%emt 0:00:19]} 22. Ng5 {[%emt 0:07:07]} Bxg5 {[%emt 0:00:05]} 23. fxg5 {[%emt 0:00:03]} a5 {[%emt 0:00:04]} 24. Ra1 {[%emt 0:02:10]} a4 {[%emt 0:00:08]} 25. Rc3 {[%emt 0:01:03]} Ra5 {[%emt 0:00:58]} 26. h4 {[%emt 0:02:15]} Kg7 {[%emt 0:01:09]} 27. f3 {[%emt 0:00:49]} h6 {[%emt 0:00:57]} 28. gxh6+ {[%emt 0:01:03]} Kxh6 {[%emt 0:00:01]} 29. Kf2 {[%emt 0:00:35]} g5 {[%emt 0:01:21]} 30. hxg5+ {[%emt 0:02:39]} Kxg5 {[%emt 0:00:01]} 31. Rca3 {[%emt 0:01:24]} Bd7 {[%emt 0:00:11]} 32. Rd1 {[%emt 0:00:31]} Ra7 {[%emt 0:00:43]} 33. Rd5+ {[%emt 0:01:31]} Kf6 {[%emt 0:00:32]} 34. Rd4 {[%emt 0:00:47]} e6 {[%emt 0:00:55]} 35. Ke3 {[%emt 0:00:52]} Ke7 {[%emt 0:00:20]} 36. f4 {[%emt 0:01:34]} Rb7 {[%emt 0:00:33]} 37. g3 {[%emt 0:00:51]} Rb1 {[%emt 0:00:24]} 38. Kd3 {[%emt 0:02:03]} Rb7 {[%emt 0:01:11]} 39. Kc3 {[%emt 0:00:52]} Rc7+ {[%emt 0:01:02]} 40. Rc4 {[%emt 0:00:25]} Rb7 {[%emt 0:15:17]} 41. Rb4 {[%emt 0:16:08]} Rc7+ {[%emt 0:00:36]} 42. Kd4 {[%emt 0:00:56]} Kd6 {[%emt 0:02:13]} 43. Rc3 {[%emt 0:00:00]} Ra7 {[%emt 0:00:00]} 44. Rb6+ {[%emt 0:00:00]} Ke7 {[%emt 0:00:00]} 45. Ra3 {[%emt 0:00:00]} Ra5 {[%emt 0:00:00]} 46. Kc4 {[%emt 0:00:00]} Ra7 {[%emt 0:00:00]} 47. Kb4 {[%emt 0:00:00]} Be8 {[%emt 0:00:00]} 48. f5 {[%emt 0:00:00]} exf5 {[%emt 0:00:00]} 49. Re3+ {[%emt 0:00:00]} Kf8 {[%emt 0:00:00]} 50. Rb8 {[%emt 0:00:00]} Re7 {[%emt 0:00:00]} 51. Rxe7 {[%emt 0:00:00]} Kxe7 {[%emt 0:00:00]} 52. Rb6 {[%emt 0:00:00]} Bd7 {[%emt 0:00:00]} 53. Ra6 {[%emt 0:00:00]} Be6 {[%emt 0:00:00]} 54. Rxa4 {[%emt 0:00:00]} Kf6 {[%emt 0:00:00]} 55. Kc5 {[%emt 0:00:00]} Ke5 {[%emt 0:00:00]} 56. Rh4 {[%emt 0:00:00]} Bd5 {[%emt 0:00:00]} 57. Kb4 {[%emt 0:00:00]} Bf3 {[%emt 0:01:17]} 58. Rf4 {[%emt 0:00:00]} Bg4 {[%emt 0:00:53]} 59. Kc3 {[%emt 0:00:00]} Bh5 {[%emt 0:00:50]} 60. Kd3 {[%emt 0:00:00]} Kf6 {[%emt 0:01:47]} 61. Kd4 {[%emt 0:00:00]} Bd1 {[%emt 0:00:58]} 62. Rh4 {[%emt 0:00:00]} Bb3 {[%emt 0:00:35]} 63. Rh8 {[%emt 0:00:00]} Be6 {[%emt 0:00:29]} 64. Rg8 {[%emt 0:00:00]} Bb3 {[%emt 0:00:28]} 65. Ke3 {[%emt 0:00:00]} Ke5 {[%emt 0:00:45]} 66. Rb8 {[%emt 0:00:00]} Be6 {[%emt 0:00:45]} 67. Rb5+ {[%emt 0:00:00]} Kf6 {[%emt 0:00:05]} 68. Kf4 {[%emt 0:00:00]} Kg6 {[%emt 0:00:09]} 69. Rb6 {[%emt 0:00:00]} Kf6 {[%emt 0:00:15]} 70. Ra6 {[%emt 0:00:00]} Kg6 {[%emt 0:00:11]} 71. Ke5 {[%emt 0:00:00]} Kg5 {[%emt 0:00:27]} 72. Ra4 {[%emt 0:00:00]} Bd7 {[%emt 0:00:40]} 73. Rb4 {[%emt 0:00:00]} Bc6 {[%emt 0:00:55]} 74. Rb8 {[%emt 0:00:00]} Kg4 {[%emt 0:03:43]} 75. Rg8+ {[%emt 0:00:00]} Kf3 {[%emt 0:00:06]} 76. Kxf5 {[%emt 0:00:11]} Be4+ {[%emt 0:00:42]} 77. Kf6 {[%emt 0:01:52]} Bg6 {[%emt 0:00:06]} 1/2-1/2

[Event "CZE-ch Open 2018"]
[Site "Ostrava"]
[Date "2018.04.29"]
[Round "2"]
[White "Stepan, Patrik"]
[Black "Kislinsky, Alexey"]
[Result "1/2-1/2"]
[WhiteElo "2207"]
[BlackElo "2509"]
[Annotator "TA"]
[PlyCount "93"]
[EventDate "2018.??.??"]
[EventCountry "CZE"]
[SourceTitle "playchess.com"]
[Source "ChessBase"]
[SourceQuality "1"]

{[%evp 23,93,43,46,29,51,26,29,16,20,-14,-14,-39,0,0,0,0,0,0,3,4,30,19,35,-4,-20,-59,-50,-62,0,0,0,0,0,0,0,0,0,0,0,0,0,0,0,0,0,0,0,0,0,0,0,0,22,0,0,0,0,0,0,0,0,0,0,0,0,0,0,0,0,0,0,0]} 1. d4 e6 2. c4 c5 3. d5 exd5 4. cxd5 d6 5. Nc3 g6 6. Nf3 Bg7 7. e4 a6 8. a4 Bg4 9. Be2 Bxf3 10. Bxf3 Nd7 11. O-O Ne7 {A43: Schmid Benoni} 12. Be2 O-O {LiveBook: 3 Games} 13. Bg5 h6 {White has an edge.} 14. Be3 f5 15. Qd2 Kh7 $1 16. f4 {[#]} fxe4 $146 ({Predecessor:} 16... Qa5 17. Bf3 Rae8 18. Rae1 Nb6 19. Qc2 Bxc3 20. bxc3 fxe4 21. Bxe4 Qxa4 {½-½ (41) Iskusnyh,S (2495)-Bezgodov,A (2576) Moscow 2000}) 17. g4 Qa5 18. Nxe4 Qxd2 19. Bxd2 Nxd5 20. Nxd6 Bd4+ 21. Kh1 Rf6 ({Don't go for} 21... Bxb2 $2 22. Rab1 $18) 22. Ne4 Rb6 23. Bc3 Re8 24. Bd3 Bxc3 25. Nxc3 Nxc3 (25... Ne3 $15 26. Rfe1 Rd6) 26. bxc3 $11 {The position is equal.} Re3 27. Rad1 Nf6 28. f5 {[%cal Bf4f5,Bf5f6,Bf6f7][%mdl 32]} g5 29. Rfe1 Nxg4 {[#] Threatens to win with ...Nf2+.} 30. Rxe3 $1 Nxe3 {[%mdl 4096] Endgame KRB-KRN} 31. Re1 {Black must now prevent a5.} c4 $1 {[%cal Rc4d3]} 32. Be4 $1 Ng4 33. f6+ Kg8 $1 34. Bd5+ Kf8 35. f7 $1 {[#] Re8+ would kill now.} Nf6 36. Bxc4 {Hoping for Rd1.} Rc6 37. Be6 Kg7 38. c4 b6 39. Kg2 Nh5 40. Bd5 {Strongly threatening Re8.} Nf4+ 41. Kf3 Nxd5 42. cxd5 {KR-KR} Rc3+ 43. Ke4 {aiming for d6.} Kxf7 44. Rb1 Rc4+ 45. Ke5 Rxa4 46. Rxb6 Rh4 47. Rxa6 {Precision: White = 71%, Black = 67%.} 1/2-1/2

[Event "CZE-ch Open 2018"]
[Site "Ostrava"]
[Date "2018.04.29"]
[Round "2"]
[White "Gnida, Patrik"]
[Black "Vykouk, Jan"]
[Result "0-1"]
[WhiteElo "2165"]
[BlackElo "2426"]
[Annotator "TA"]
[PlyCount "84"]
[EventDate "2018.??.??"]
[EventCountry "CZE"]
[SourceTitle "playchess.com"]
[Source "ChessBase"]
[SourceQuality "1"]

{[%evp 23,84,-14,0,0,-2,-2,-2,-12,-19,-50,0,0,0,0,0,0,0,-9,-9,-45,0,-141,-152,-152,-141,-147,-142,-141,-152,-105,-107,-114,-140,-112,-95,-352,-339,-381,-378,-542,-387,-376,-322,-378,-339,-382,-389,-392,-392,-1041,-1033,-929,-864,-1246,-1201,-2383,-2442,-6079,-5349,-5185,-2588,-1970,-1849]} 1. c4 e5 2. Nc3 Nf6 3. g3 d5 4. cxd5 Nxd5 5. Bg2 Nb6 6. a4 a5 7. Nf3 Nc6 8. O-O Be7 9. Nb5 O-O 10. d4 exd4 11. Nfxd4 {A29: English Opening: Four Knights Variation with 4 g3} Nxd4 (11... Nb4 12. e4 c6 13. Nc3 Bf6 14. Nce2 Nc4 15. Qb3 Nd6 16. Rd1 Qe7 17. Nc3 Rd8 18. Rb1 c5 {0-1 (26) Quist,J (2303)-Brandenburg,D (2534) Netherlands 2015}) 12. Nxd4 c6 {LiveBook: 3 Games} 13. Qd3 {The position is equal.} Bf6 14. Rd1 Bg4 $146 ({Predecessor:} 14... Qe7 15. Be3 Rd8 16. Nxc6 {½-½ (16) Simek,J (2141)-Geryk,M (2185) ICCF email 2016}) 15. f3 Bd7 16. e4 c5 (16... Nxa4 $5 17. Qc2 (17. Rxa4 c5 $17) 17... b5 $15) 17. Nb5 Bxb5 18. axb5 Qxd3 19. Rxd3 Nc4 $36 {[%mdl 2048] Black has some pressure.} 20. Ra2 Bd4+ 21. Kf1 Rad8 22. Bh3 (22. b3 $11 {remains equal.} Ne5 23. Rd1) 22... Bxb2 $1 $17 23. Rxd8 Rxd8 24. Bxb2 Rd1+ 25. Ke2 Rd2+ 26. Ke1 {Black must now prevent Rxa5!} Rxb2 ({But not} 26... Rxh2 $6 27. Bf1 $14) 27. Rxb2 Nxb2 {[%mdl 4096] Endgame KB-KN} 28. Kd2 a4 {[%cal Ba5a4,Ba4a3][%mdl 32] Hoping for ...a3.} 29. Bf1 $2 {[%mdl 8192]} (29. Kc2 $17 Nc4 30. Kc3) 29... a3 $19 {Threatens to win with ...a2.} 30. Kc2 c4 {[%cal Bc5c4,Bc4c3][%mdl 32]} 31. b6 (31. Kb1 $142 c3 32. f4) 31... Kf8 32. Kb1 {Ka2 would now be nice for White.} c3 $1 33. Ba6 Na4 34. Bd3 Nxb6 35. Ka2 {[#]} Nc4 $1 {[%mdl 512]} 36. f4 $2 (36. Kb3 b5 37. f4) (36. Bxc4 c2) 36... f6 {[%cal Bf7f6,Bf6g5][%mdl 32] Black is clearly winning.} 37. Kb3 {[#]} b5 $1 {[%cal Bb7b5,Bb5b4][%mdl 32]} 38. g4 g5 39. fxg5 fxg5 40. h3 h6 41. e5 Ke7 42. Bf5 b4 {Precision: White = 24%, Black = 81%.} 0-1

[Event "CZE-ch Open 2018"]
[Site "Ostrava"]
[Date "2018.04.29"]
[Round "2"]
[White "Sramek, Vojtech"]
[Black "Mikes, Jan"]
[Result "0-1"]
[WhiteElo "2145"]
[BlackElo "2321"]
[Annotator "ChessBase"]
[PlyCount "60"]
[EventDate "2018.??.??"]
[EventCountry "CZE"]
[SourceTitle "playchess.com"]
[Source "ChessBase"]
[SourceQuality "1"]
[TimeControl "40/5400+30:900+30"]

1. d4 {[%emt 0:00:00]} Nf6 {[%emt 0:00:38]} 2. c4 {[%emt 0:00:01]} g6 {[%emt 0:00:09]} 3. Nc3 {[%emt 0:00:08]} Bg7 {[%emt 0:00:04]} 4. e4 {[%emt 0:00:20]} d6 {[%emt 0:00:05]} 5. Nf3 {[%emt 0:00:36]} O-O {[%emt 0:00:06]} 6. Be2 {[%emt 0:00:15]} e5 {[%emt 0:00:04]} 7. O-O {[%emt 0:00:15]} Nc6 {[%emt 0:00:03]} 8. d5 {[%emt 0:00:20]} Ne7 {[%emt 0:00:05]} 9. Ne1 {[%emt 0:00:18]} Nd7 {[%emt 0:00:06]} 10. f3 {[%emt 0:00:32]} f5 {[%emt 0:00:14]} 11. Be3 {[%emt 0:00:09]} f4 {[%emt 0:11:08]} 12. Bf2 {[%emt 0:00:31]} g5 {[%emt 0:00:04]} 13. Rc1 {[%emt 0:03:17]} Ng6 {[%emt 0:01:29]} 14. c5 {[%emt 0:04:41]} dxc5 {[%emt 0:02:35]} 15. Nd3 {[%emt 0:02:04]} b6 {[%emt 0:11:04]} 16. b4 {[%emt 0:03:15]} cxb4 {[%emt 0:01:20]} 17. Nb5 {[%emt 0:06:11]} g4 {[%emt 0:09:27]} 18. fxg4 {[%emt 0:29:08]} Nf6 {[%emt 0:07:13]} 19. Nxc7 {[%emt 0:10:29]} Nxe4 {[%emt 0:01:11]} 20. Nxa8 {[%emt 0:07:50]} Nc3 {[%emt 0:00:12]} 21. Rxc3 {[%emt 0:02:11]} bxc3 {[%emt 0:00:03]} 22. Bf3 {[%emt 0:07:39]} Qd6 {[%emt 0:10:10]} 23. Nxb6 {[%emt 0:03:56]} axb6 {[%emt 0:00:24]} 24. Qb3 {[%emt 0:01:31]} Ba6 {[%emt 0:00:29]} 25. Rd1 {[%emt 0:01:01]} Rc8 {[%emt 0:01:05]} 26. Be4 {[%emt 0:03:34]} Rc4 {[%emt 0:09:15]} 27. Bxb6 {[%emt 0:11:12]} Rxe4 {[%emt 0:03:27]} 28. Nc5 {[%emt 0:00:51]} c2 {[%emt 0:02:33]} 29. Rc1 {[%emt 0:00:48]} Re3 {[%emt 0:00:25]} 30. Qb4 {[%emt 0:01:08]} Qxd5 {[%emt 0:00:10]} 0-1